| 000 | 00413nam a2200157 a 4500 | ||
|---|---|---|---|
| 001 | 3477 | ||
| 005 | 20140414131915.0 | ||
| 008 | 040603s19uu xx 00 eng d | ||
| 050 |
_aER _bF22 |
||
| 245 |
_aFarm / _cillustrated by John Francis. |
||
| 260 |
_aTokyo : _bFroebel-kan, _c[n.d.] |
||
| 300 | _a1 v. (unp.) : ill. ; cm. | ||
| 440 | _aWide Wide World | ||
| 650 | _aPicture book of words. | ||
| 999 |
_c111439 _d111439 |
||